01316ngm a2200337 4500003000400000005001700004007000400021008004000025010001900065024001800084035001900102040001300121082001500134245007400149260003900223300006300262440004000325500007700365500015000442538008400592538012600676650001900802700002100821700002100842700002100863700001800884700001800902700001800920700002300938700001700961dpl20080723110517.0DVD||||||sp199 xxu|||||c|||| 00| 0 eng d aDVD-000460-462 a16209c499.00 aDVD-000460-462 aDPLcDPL aDVD / ROMA aRomancing the Stonec20th Century Fox Presentsh[videorecording] DVD/ b20th Century Fox Homeentertainment a1 videodisc DVD; (106 min.) :bsd., col. ;c4 3/4 in.fDVD a20th Centyry Fox Home Entertainment aSole Distributor in India M/s. Excel Productions Autio Visuals Pvt. Ltd. aLots of Fun Delightful, Pure Escapism Special Features- Interactive Menus, Scene Access, Original Theatrical Trailer, Multiple Language Subtitles aDolby Digital 5.1-English, Subtitles: English, Cantonese, Korean,Mandarin, Thai aAspect Ratio: 1.85:1, Presentation type: Wide Screne, Presentation Size 16x9, Format DVD 9 Dual Layer Single Sided Disc. aMotion Picture aDouglas, Michael aTurner, Kathleen aZemeckis, Robert aDeVito, Danny aArau, Alfonso aOjeda, Manuel aPaull, Lawrence G. aCundey, Dean